000 00485nam a2200181Ia 4500
005 20250326123706.0
008 250326s9999 xx 000 0 und d
037 _aTextbook
040 _aFMSL
_beng
_cFMSL
041 _aeng
_2eng
084 _aX71 M1
_qFMSL
100 _aChater R E J
_9735822
245 0 _aIncomes policy
_cChater R E J; Elliott R
260 _aOxford
_bOxford, Clarendon
_c1981
300 _a228p
942 _cTB
_hX71 M1
999 _c1270526
_d1270526